000 00268nam a2200121 a 4500
008 101025s1966|||| d
100 1 _aLebert, Hans
245 1 0 _aVlčia koža
044 _axo
_cSK
041 _aslo
260 _bObzor
_aBratislava
_c1966
020 _c22
999 _c12148
_d12148